Las sectas protestantes en Colombia: breve reseña histórica con un estudio especial de la llamada persecución religiosa
Guardat en:
| Autor principal: | |
|---|---|
| Format: | Llibre |
| Idioma: | espanyol |
| Publicat: |
Bogotá
Nacional
1954
|
| Matèries: | |
| Etiquetes: |
Afegir etiqueta
Sense etiquetes, Sigues el primer a etiquetar aquest registre!
|
MARC
| LEADER | 00000nam a2200000 a 4500 | ||
|---|---|---|---|
| 001 | UCL5368 | ||
| 003 | CL-VaPUC | ||
| 008 | 040312e19540000CK |||||||||||||||||spa|d | ||
| 082 | 0 | 4 | |a 280.4 |b OSP |2 21 |
| 100 | |a Ospina, Eduardo |e autor |9 483108 | ||
| 245 | 1 | 4 | |a Las sectas protestantes en Colombia: breve reseña histórica con un estudio especial de la llamada persecución religiosa |
| 300 | |a 171 p | ||
| 942 | |c BK | ||
| 945 | |d 20040312 00:00:00 |a vberengu | ||
| 260 | |a Bogotá |b Nacional |c 1954 | ||
| 650 | 0 | |a Protestantes |9 389935 | |
| 650 | 7 | |a MOVIMIENTOS RELIGIOSOS |2 CL-VaPUC |9 346572 | |
| 651 | 0 | |a Colombia |9 256424 | |
| 583 | |a last modification |c 20040312 00:00:00 |k Rodrigo Vera | ||
| 999 | |c 307977 |d 307975 | ||
| 952 | |0 0 |1 0 |4 0 |6 280_400000000000000_OSP_1954 |7 0 |8 A |9 374173 |a BIBTEO |b BIBTEO |d 2019-11-21 |i 2105217 |o 280.4 OSP 1954 |p 2105217 |r 2025-01-17 |w 2019-11-21 |y BK |k ICR | ||